000 00349nam a2200145Ia 4500
008 220803s9999 xx 000 0 und d
020 _a9788190852807
041 _aeng
082 _a720.954 JAI
100 _aJain M
_927314
245 _aArchitecture Of A Royal Camp
260 _aAhmedabad
_bAADI Centre
_c2009
300 _a212p
500 _aARCHI
999 _c17383
_d17383